[Event "FIN-chT2 Gp4 1718"]
[Site "Finland"]
[Date "2017.12.02"]
[Round "5.3"]
[White "Koski, Pekka"]
[Black "Laakkonen, Markus"]
[Result "1-0"]
[WhiteElo "1839"]
[BlackElo "1585"]
[PlyCount "83"]
[EventDate "2017.09.11"]
[EventType "team-tourn"]
[EventRounds "7"]
[EventCountry "FIN"]
[SourceTitle "EXT 2020"]
[Source "ChessBase"]
[SourceDate "2019.10.17"]
[SourceVersion "1"]
[SourceVersionDate "2019.10.17"]
[SourceQuality "1"]
[WhiteTeam "Oulu OSS II"]
[BlackTeam "Joensuu SK III"]
[WhiteTeamCountry "FIN"]
[BlackTeamCountry "FIN"]

1. d4 Nf6 2. c4 g6 3. Nc3 Bg7 4. Nf3 0-0 5. g3 d6 6. Bg2 Na6 7. 0-0 c5 8. e3 Bd7 9. Re1 cxd4 10. exd4 Nc7 11. d5 a6 12. a4 Re8 13. a5 Rc8 14. Qb3 Rb8 15. Be3 Na8 16. Ba7 Rc8 17. Qxb7 Rxc4 18. Qxa6 Rb4 19. Qe2 Nc7 20. Bb6 Qc8 21. Bxc7 Qxc7 22. Qd2 Bf5 23. Nd4 Bc8 24. Nc6 Rb3 25. Na4 Ba6 26. Rac1 Qd7 27. Nb6 Qf5 28. Rxe7 Rf8 29. Re3 Bh6 30. Ne7+ Kg7 31. Nxf5+ gxf5 32. f4 Rxe3 33. Qxe3 Re8 34. Qd4 Kg6 35. h3 Bg7 36. Qb4 Re3 37. Kh2 Nh5 38. Qxd6+ Bf6 39. Nd7 Be2 40. Nxf6 Nxg3 41. Ng4+ Kg7 42. Qh6+ 1-0